Interesting animals series : dogs

Bibliographic Details
Main Author: Xinhua
Format: Book
Published: [S.L] : Culture and Art Publishing House , 2007
Series:Fun books about animals
Subjects:

MARC

LEADER 00000cam a2200000 7i4500
001 0000022582
005 20080731.0
008 080731
020 |a 7503931918 
090 0 0 |a 599.77   |b XIN 
100 1 |a Xinhua 
245 1 0 |a Interesting animals series :   |b dogs   |c Xinhua 
260 |a [S.L] :   |b Culture and Art Publishing House ,   |c 2007 
440 |a Fun books about animals 
650 0 |a Animals 
650 0 |a Dogs 
999 |a 0001031848   |b Book   |c Chinese Collection   |e Perbadanan Perpustakaan Awam Johor